000 00348 a2200109 4500
001 ART_8065
005 20260410161831.0
008 260409a
245 1 0 _aRationality in economics
100 1 _aGómez Bizcarri, Javier
773 0 _tBoletín de estudios económicos
_gÉtica y economía - Vol. 55, Nº 170 (ago. 2000)
_wREV5142
999 _c23248
_d23248